• 首页
  • 本馆介绍
  • 公告通知
  • 最新文献
  • 馆藏检索
  • 电子资源
  • 读者导购
  • 参考咨询
  • 我的图书馆
  • 登录
  • 详细信息显示
  • 放入我的书架
  • 预约/预借图书
  • 作者相关作品
  • 分类相关作品
  • 丛书相关作品
  • 出版社相关作品

书目信息

  • 表格格式
  • 工作单格式
  • 卡片格式
题名:
法治的求索与呐喊
    
 
作者: 姜明安 著
分册:   案析与访谈卷
出版信息: 北京   中国人民大学出版社  2012
页数: 711页
开本: 23cm
丛书名: 中国当代法学家文库
单 册:
中图分类: D92-53
科图分类:
主题词: 法学--中国--文集 , 法学
电子资源:
ISBN: 978-7-300-16256-0
000 00962oam2 2200277 450
001 523
005 20140908080413.42
010    @a978-7-300-16256-0@dCNY129.00
100    @a20121112d2012 em y0chiy50 ea
101 0  @achi
102    @aCN@b110000
105    @ay z 000yy
106    @ar
200 1  @a法治的求索与呐喊@AFa Zhi De Qiu Suo Yu Na Han@i案析与访谈卷@IAn Xi Yu Fang Tan Juan@f姜明安著@FJiang Ming An Zhu
210    @a北京@c中国人民大学出版社@d2012
215    @a711页@c照片@d23cm
225 2  @a中国当代法学家文库@i姜明安行政法研究系列
300    @a“十二五”国家重点图书出版规划
330    @a本书收集了自1994年至2011年6月17年间在各种报纸、刊物或网站上发表的案例评析、媒体访谈、笔谈,另外还包括几篇书序。
461  0 @12001 @a中国当代法学家文库
606 0  @a法学@y中国@j文集
606 0  @a法学
690    @aD92-53@v5
701  0 @a姜明安@AJiang Ming An@f(1951~)@4著
801  0 @aCN@bTANGWEI@c20140603
905    @b0838213-15@dD92-53@e1044@f3
    
    法治的求索与呐喊.案析与访谈卷/姜明安著.-北京:中国人民大学出版社,2012
    711页:照片;23cm.-(中国当代法学家文库.姜明安行政法研究系列)
    “十二五”国家重点图书出版规划
    
    ISBN 978-7-300-16256-0:CNY129.00
    本书收集了自1994年至2011年6月17年间在各种报纸、刊物或网站上发表的案例评析、媒体访谈、笔谈,另外还包括几篇书序。
●
相关链接 在E读中查询图书 在五车中查询图书 在当当中查询图书 在豆瓣中查询图书


正题名:法治的求索与呐喊     索取号:D92-53/1044         预约/预借

序号 登录号 条形码 馆藏地/架位号 状态 备注
1 0838213   208382132   第一样本阅览室/ [索取号:D92-53/1044] 在馆    
2 0838214   208382141   密集书库-史法系/ [索取号:D92-53/1044] 在馆    
3 0838215   208382150   第一借阅区/ [索取号:D92-53/1044] 在馆    
唐山师范学院图书馆 欢迎您!
大连网信软件有限公司© 版权所有